logo

Bir Sreshtho Munshi Abdur Rouf Library
Jhenaidah Cadet College

ফ্ল্যাট নম্বর নয় ছয় / (Record no. 13743)

MARC details
000 -LEADER
fixed length control field 00708nam a2200229 a 4500
001 - CONTROL NUMBER
JCCL Control Number 13743
003 - CONTROL NUMBER IDENTIFIER
JCCL marc code BD-JhCC
005 - DATE AND TIME OF LATEST TRANSACTION
control field 20240320131226.0
008 - FIXED-LENGTH DATA ELEMENTS--GENERAL INFORMATION
fixed length control field 240320b 2024b |||| ||a| 000 0 b d
020 ## - INTERNATIONAL STANDARD BOOK NUMBER
International Standard Book Number 9789849870463
035 ## - SYSTEM CONTROL NUMBER
system control number (BD-JhCC)13743
040 ## - CATALOGING SOURCE
Original cataloging agency BD-JhCC
Modifying agency BD-JhCC
041 ## - LANGUAGE CODE
Language code of Book ben
082 ## - DEWEY DECIMAL CLASSIFICATION NUMBER
Classification number 891.443
Author mark and Year CHO 2024
100 ## - MAIN ENTRY--PERSONAL NAME
Personal name চৌধুরী, লামইয়া
245 ## - TITLE STATEMENT
Title ফ্ল্যাট নম্বর নয় ছয় /
Remainder of title লামইয়া চৌধুরী
260 ## - PUBLICATION, DISTRIBUTION, ETC. (IMPRINT)
Place of publication, distribution, etc ঢাকা:
Name of publisher, distributor, etc অন্যপ্রকাশ;
Date of publication, distribution, etc 2024.
300 ## - PHYSICAL DESCRIPTION
Pagination 424 p. :
Dimensions 22 cm.
650 ## - SUBJECT ADDED ENTRY--TOPICAL TERM
Topical term or geographic name as entry element সমকালীন উপন্যাস
942 ## - ADDED ENTRY ELEMENTS (KOHA)
Source of classification or shelving scheme Dewey Decimal Classification
Koha item type Books
Holdings
Source of classification or shelving scheme Damaged status Not for loan Home library Current library Shelving location Date of accession Cost, normal purchase price Total Checkouts Full call number Barcode Date last seen Date checked out Copy number Method of acquisition Koha item type Currency
Dewey Decimal Classification     JCC Rouf Library JCC Rouf Library General Stacks   900.00 12 891.443 CHO 2024 18697 08/10/2025 02/20/2025 C-1 Purchase Books BDT
Dewey Decimal Classification     JCC Rouf Library JCC Rouf Library General Stacks   900.00 15 891.443 CHO 2024 18698 02/09/2026 06/15/2025 C-2 Purchase Books BDT

JCC Library | Contacts | JCC Home

Last Update on 23 September 2017
Copyright @ 2017-2020 JCC Rouf Library
Rouf Library, Jhenidah Cadet College (JCC), Bangladesh